1994 1111 1620 1479 1100 1039 1052 1143 1989 1607 1080 1232 1483 1253 1946 1635 1131 1502 1454 1452 1530 1896 1176 1123 1219 1438 1826 1473 1967 1059 1115 1852 1439 1998 1334 1449 1941 1448 1382 1280 1300 1902 1388 1435 1101 1268 1188 1463 1474 1521 1911 1673 1314 1968 1691 1298 1967 1118 1575 1710 1048 1893 1098 1865 1818 1380 1355 1580 1173 1365 1796 1857 1864 1116 1529 1115 1806 1814 1364 1476 1063 1910 1909 1087 1036 1948 1115 1594 1779 1418 1538 1885 1541 1246 1376 1086 1578 1858 1486 BCNSPRNW ULIB Ver.6.0+V

เปลี่ยนเป็นภาษาไทย

Change to English
 แสดงรายละเอียดบรรณานุกรม
  กลับหน้าหลัก

Brief Record : Get Marc (ISO 2709) : E-mail record : QR code < ปิดหน้าต่าง
LEADER : 00000nam 2200000uu 4500
001    13399122561
003     ULIB
008    130731s2011||||th 000 0 Eng d
020    9780521675802
050  4 ^aPE1112^bM978e
100 1  ^aMurphy, Raymond
245 10 ^aEssential grammar in use :^ba self-study reference and practice book for elementary students of English /^cRaymond Murphy
250    ^a3rd ed
260    ^aCambridge [England] :^bCambridge University Press,^cc2011
300    ^a259 p. :^bill.
500    ^aSend to Single Search
650  0 ^aEnglish language^xGrammar
650  0 ^aEnglish language^xGrammar^xProblems, exercises, etc.
945    ^p0^l0^i033731
999    ^aเกษร โพธิ์สุวรรณ
รายการนี้ยังไม่มีแท็ก
คุณยังไม่ได้ล็อกอิน คุณสามารถมีกิจกรรมร่วมกับเว็บไซต์ได้ แต่ต้องล็อกอินก่อน ::
  ล็อกอิน

รายการสื่อสารสนเทศ

ลำดับที่ ประเภท เลขเรียก/บาร์โค้ด สถานที่ สถานะ
1. การศึกษาทั่วไป
การศึกษาทั่วไป
PE1112 M978e  
  Barcode: 033731
ห้องสมุดวิทยาเขตสวรรค์ประชารักษ์
►หนังสือทั่วไป
บนชั้น

รายการใกล้เคียง
    ผู้แต่ง [Murphy, Raymond]

    หัวเรื่อง [English language Grammar]

BibComment


ยังไม่เคยถูกคอมเมนท์

คอมเมนท์ทรัพยากรรายการนี้
  คอมเมนท์: Essential gramma..


 Copyright 2026. Bcnsprnw @Library